书目信息 |
| 题名: |
河南大学校史= A history of Henan University : 1912-1992
|
|
| 作者: | 河南大学校史编写组 编 | |
| 分册: | ||
| 出版信息: | 开封 河南大学出版社 1992 |
|
| 页数: | 483页 | |
| 开本: | 20cm | |
| 丛书名: | ||
| 单 册: | ||
| 中图分类: | G649.286.1 | |
| 科图分类: | ||
| 主题词: | ||
| 电子资源: | ||
| ISBN: | 7-81018-783-X | |
| 000 | 00661nam0 2200181 45 | |
| 001 | 1558487361 | |
| 005 | 20150104161722.05 | |
| 010 | @a7-81018-783-X@dRMB 14.00 | |
| 100 | @a20150104d1992 km y0chiy0120 ea | |
| 101 | 0 | @achi |
| 102 | @aCN | |
| 200 | 1 | @a河南大学校史= A history of Henan University : 1912-1992@Ahe nan da xue xiao shi=A history of Henan University:1912-1992@f河南大学校史编写组编@Fhe nan da xue xiao shi bian xie zu bian |
| 210 | @a开封@c河南大学出版社@d1992 | |
| 215 | @a483页@d20cm | |
| 690 | @aG649.286.1@v4 | |
| 701 | 0 | @a河南大学校史编写组@Ahe nan da xue xiao shi bian xie zu@4编 |
| 801 | 0 | @aCN@bPFT@c20150104 |
| 905 | @a10447@dG649.286.1@eH264 | |
| 河南大学校史= A history of Henan University : 1912-1992/河南大学校史编写组编.-开封:河南大学出版社,1992 |
| 483页;20cm |
| ISBN 7-81018-783-X:RMB 14.00 |
| ● |
| 相关链接 |
|
|
|
正题名:河南大学校史= A history of Henan Univers
索取号:G649.286.1/H264
 
预约/预借
| 序号 | 登录号 | 条形码 | 馆藏地/架位号 | 状态 | 备注 |
| 1 | 495564 | 204955646 | 社科库409/409社科库 15排3列1层/ [索取号:G649.286.1/H264] | 在馆 |